| 000 | 00478nam a22001577a 4500 | ||
|---|---|---|---|
| 003 | OSt | ||
| 008 | 260508b |||||||| |||| 00| 0 eng d | ||
| 082 |
_a633.11 _bR95S |
||
| 100 | _aRoy, Aditya Narayan | ||
| 245 | _aStudies to Assess the Yield Potential of New Wheat (Triticum aestivium L.) Varieties under Varying Levels of Fertiliser Application | ||
| 260 |
_aPusa, Samastipur _bRAU _c1987 |
||
| 300 | _a113P. | ||
| 502 |
_bMsc. _d1987 |
||
| 650 | _aAgronomy | ||
| 942 |
_2ddc _cT |
||
| 999 |
_c50512 _d50512 |
||